Zgadnij państwo po podpowiedzi (hard) - Statystyki

Ogólne statystyki
  • Ten quiz został rozwiązany 13 razy
  • Średni wynik to 5 z 10
Statystyki odpowiedzi
Hint Odpowiedź % Poprawnych
Ma bardzo podobną flagę jak Holandia, graniczy z 3 państwami. Luksemburg
100%
Każdy obywatel tego kraju, który posiada własny samochód, ma prawo do skorzystania z przysługującej mu darmowej benzyny. Nazwa kraju kończy się na -stan. Turkmenistan
86%
Przysmakiem kuchni tego kraju jest smażony pająk, najdłuższą rzeką, która przepływa przez ten kraj jest Mekong. Kambodża
71%
USA na terytorium tego państwa testowało 67 bomb nuklearnych,państwo leży w Oceanii Wyspy Marshalla
71%
W tym kraju zakazana jest guma do żucia. Singapur
57%
Nazwą tego kraju można nazwać inne 3 państwa na świecie. Gwinea
43%
Ten kraj nie ma oficjalnie stolicy. Polka była kiedyś pierwszą damą tego kraju - jako żona prezydenta. Nauru
43%
Kraj, który jako pierwszy na świecie ogłosił swój status ateistyczny,popularny kierunek wakacyjny. Albania
14%
Stolica tego kraju powstała sztucznie. Według tradycyjnego kalendarza, który obowiązuje w tym państwie - tydzień ma 8 dni. Mjanma
14%
Stolica tego kraju to jedyne miasto na świecie, w którego granicach znajdują się lasy deszczowe. Panama
0%
Nie znaleziono quizów pasujących do podanych kryteriów
Rozkład punktacji
Procent ludzi z każdym wynikiem
Percentyl według liczby udzielonych odpowiedzi
Twoja historia wyników
Nie rozwiązałeś tego quizu